Nazwij zagranicznego sąsiada każdego województwa - Statystyki

Ogólne statystyki
  • Ten quiz został rozwiązany 802 razy
  • Średni wynik to 5 z 11
Statystyki odpowiedzi
Województwo Poprawne odpowiedzi Granice % Poprawnych
dolnośląskie Saksonia, Kraj liberecki, Kraj kralovohradecki, Kraj Pardubicki, Kraj ołomuniecki
80%
lubuskie Brandenburgia, Saksonia
76%
lubelskie Obwód lwowski, Obwód wołyński, Obwód brzeski
65%
podkarpackie Kraj preszowski, Obwód lwowski, Obwód zakarpacki
53%
warmińsko-mazurskie Obwód królewiecki, obwód mariampolski
50%
podlaskie Obwód brzeski, Obwód grodzieński, Okręg olicki, Okręg mariampolski, Obwód królewiecki
45%
pomorskie Obwód królewiecki
44%
zachodniopomorskie Brandenburgia, Meklemburgia-Pomorze przednie
41%
małopolskie Kraj żyliński, Kraj preszowski
29%
opolskie Kraj ołomuniecki, Kraj morawsko-śląski
22%
śląskie Kraj morawsko-śląski, Kraj żyliński
19%
Nie znaleziono quizów pasujących do podanych kryteriów
Rozkład punktacji
Procent ludzi z każdym wynikiem
Percentyl według liczby udzielonych odpowiedzi
Twoja historia wyników
Nie rozwiązałeś tego quizu